MIERA ADHÉZIE ODPLAVITEĽNÝCH LÁTOK K ZRNÁM KAMENIVA

Podrobná bibliografia
Hlavný autor: Stork, Juraj, 1913-1972 (Autor)
Médium: Článok
Jazyk:slovenčina

MARC

LEADER 00000nab a2200000uu 4500
001 vtls010894628
003 SK-MaSNL
005 20260303142157.0
008 230222|1966 xo |||||||||||||||||slo|
015 |a SNBRB 
035 |a (urnnbn)urn:nbn:sk:snk:ar-006gy8 
035 |a (uuid)9ab48d6e-e29b-4fcd-8158-836eabbfa84f 
035 |a urn:nbn:sk:snk-ab8npr 
040 |a SNKBUCL  |b slo  |c SNKBUCL  |e AACR2 
041 0 |a slo 
044 |a xo  |c SK 
100 1 |a Stork, Juraj,  |d 1913-1972  |4 aut  |9 200763 
245 1 0 |a MIERA ADHÉZIE ODPLAVITEĽNÝCH LÁTOK K ZRNÁM KAMENIVA  |c Juraj Stork 
773 0 |t Stavebnícky časopis : mesačník pre teoretické problémy stavebných látok a konštrukcií  |g Roč. 14, č. 8 (1966), s. 464-476 
954 |a odborná, vedecká literatúra pôvodná (slovenská)  |2 lita 
958 |a OND 
958 |a EUIPO 
958 |a article10 
999 |c 1981122  |d 1983052